<?xml version="1.0" encoding="UTF-8"?>
<record
    xmlns:xsi="http://www.w3.org/2001/XMLSchema-instance"
    xsi:schemaLocation="http://www.loc.gov/MARC21/slim http://www.loc.gov/standards/marcxml/schema/MARC21slim.xsd"
    xmlns="http://www.loc.gov/MARC21/slim">

  <leader>00494ngm a2200169 i 4500</leader>
  <controlfield tag="001">C2-0320987</controlfield>
  <controlfield tag="003">PPAK</controlfield>
  <controlfield tag="005">20180727221642.0</controlfield>
  <controlfield tag="008">130116s2011    my |||| |||||  |  vleng d</controlfield>
  <datafield tag="040" ind1=" " ind2=" ">
    <subfield code="a">PPAK</subfield>
    <subfield code="b">eng</subfield>
    <subfield code="c">PPAK</subfield>
    <subfield code="e">rda</subfield>
  </datafield>
  <datafield tag="245" ind1="0" ind2="0">
    <subfield code="a">Wild Animal Baby Explorers : Volume 8 </subfield>
    <subfield code="b">rainforest worders &amp; other stories</subfield>
  </datafield>
  <datafield tag="264" ind1=" " ind2="1">
    <subfield code="a">Kuala Lumpur : </subfield>
    <subfield code="b">Innoform Media , </subfield>
    <subfield code="c">2011</subfield>
  </datafield>
  <datafield tag="336" ind1=" " ind2=" ">
    <subfield code="2">rdacontent</subfield>
    <subfield code="a">text</subfield>
  </datafield>
  <datafield tag="337" ind1=" " ind2=" ">
    <subfield code="2">rdamedia</subfield>
    <subfield code="a">unmediated</subfield>
  </datafield>
  <datafield tag="338" ind1=" " ind2=" ">
    <subfield code="2">rdacarrier</subfield>
    <subfield code="a">volume</subfield>
  </datafield>
  <datafield tag="942" ind1=" " ind2=" ">
    <subfield code="2">ddc</subfield>
    <subfield code="c">DVD</subfield>
  </datafield>
  <datafield tag="999" ind1=" " ind2=" ">
    <subfield code="c">167272</subfield>
    <subfield code="d">167272</subfield>
  </datafield>
  <datafield tag="952" ind1=" " ind2=" ">
    <subfield code="0">0</subfield>
    <subfield code="1">0</subfield>
    <subfield code="2">ddc</subfield>
    <subfield code="4">0</subfield>
    <subfield code="7">1</subfield>
    <subfield code="a">SP</subfield>
    <subfield code="b">SP</subfield>
    <subfield code="c">R</subfield>
    <subfield code="d">2012-11-18</subfield>
    <subfield code="e">TREEQ</subfield>
    <subfield code="g">19.90</subfield>
    <subfield code="o">R 791.45 WIL</subfield>
    <subfield code="p">A00116379</subfield>
    <subfield code="r">2018-07-05 00:00:00</subfield>
    <subfield code="v">19.90</subfield>
    <subfield code="w">2018-07-05</subfield>
    <subfield code="y">DVD</subfield>
  </datafield>
  <datafield tag="952" ind1=" " ind2=" ">
    <subfield code="0">0</subfield>
    <subfield code="1">0</subfield>
    <subfield code="2">ddc</subfield>
    <subfield code="4">0</subfield>
    <subfield code="7">1</subfield>
    <subfield code="a">KM</subfield>
    <subfield code="b">KM</subfield>
    <subfield code="c">R</subfield>
    <subfield code="d">2012-11-18</subfield>
    <subfield code="e">TREEQ</subfield>
    <subfield code="g">19.90</subfield>
    <subfield code="o">R 791.45 WIL</subfield>
    <subfield code="p">A00116381</subfield>
    <subfield code="r">2018-07-05 00:00:00</subfield>
    <subfield code="v">19.90</subfield>
    <subfield code="w">2018-07-05</subfield>
    <subfield code="y">DVD</subfield>
  </datafield>
  <datafield tag="952" ind1=" " ind2=" ">
    <subfield code="0">0</subfield>
    <subfield code="1">0</subfield>
    <subfield code="2">ddc</subfield>
    <subfield code="4">0</subfield>
    <subfield code="7">1</subfield>
    <subfield code="a">BL</subfield>
    <subfield code="b">BL</subfield>
    <subfield code="c">R</subfield>
    <subfield code="d">2012-11-18</subfield>
    <subfield code="e">TREEQ</subfield>
    <subfield code="g">19.90</subfield>
    <subfield code="o">R 791.45 WIL</subfield>
    <subfield code="p">A00116382</subfield>
    <subfield code="r">2018-07-05 00:00:00</subfield>
    <subfield code="v">19.90</subfield>
    <subfield code="w">2018-07-05</subfield>
    <subfield code="y">DVD</subfield>
  </datafield>
  <datafield tag="952" ind1=" " ind2=" ">
    <subfield code="0">0</subfield>
    <subfield code="1">0</subfield>
    <subfield code="2">ddc</subfield>
    <subfield code="4">0</subfield>
    <subfield code="7">1</subfield>
    <subfield code="a">MR</subfield>
    <subfield code="b">MR</subfield>
    <subfield code="c">R</subfield>
    <subfield code="d">2012-11-18</subfield>
    <subfield code="e">TREEQ</subfield>
    <subfield code="g">19.90</subfield>
    <subfield code="o">R 791.45 WIL</subfield>
    <subfield code="p">A00116383</subfield>
    <subfield code="r">2018-07-05 00:00:00</subfield>
    <subfield code="v">19.90</subfield>
    <subfield code="w">2018-07-05</subfield>
    <subfield code="y">DVD</subfield>
  </datafield>
</record>
